书目信息 |
| 题名: |
言之有物
|
|
| 作者: | 布伊 著 ;李金云 译 | |
| 分册: | ||
| 出版信息: | 北京 清华大学出版社 2025.04 |
|
| 页数: | 275页 | |
| 开本: | 21cm | |
| 丛书名: | 新时代学术进阶丛书 | |
| 单 册: | ||
| 中图分类: | G642.477 | |
| 科图分类: | ||
| 主题词: | 论文--写作--研究生--教学参考资料 | |
| 电子资源: | ||
| ISBN: | 978-7-302-68274-5 | |
| 000 | 01334nam0 2200289 450 | |
| 001 | 013623453 | |
| 005 | 20251022191944.33 | |
| 010 | @a978-7-302-68274-5@dCNY78.00 | |
| 100 | @a20250523d2025 em y0chiy0120 ea | |
| 101 | 1 | @achi@ceng |
| 102 | @aCN@b110000 | |
| 105 | @aa z 000yy | |
| 106 | @ar | |
| 200 | 1 | @a言之有物@9yan zhi you wu@e研究生论文写作全流程拆解@dHow to write a master's thesis@f(美)伊冯·布伊(Yvonne N. Bui)著@g李金云译@zeng |
| 210 | @a北京@c清华大学出版社@d2025.04 | |
| 215 | @a275页@c图@d21cm | |
| 225 | 1 | @a新时代学术进阶丛书 |
| 305 | @a据原书第3版译出 | |
| 330 | @a本书是伊冯·布伊(YvonneN.Bui)所著的第三版指导手册,旨在为研究生提供撰写硕士论文的全面规划和写作指导。本书不仅整合了研究方法和统计学课程中的语言,还通过逐步指南帮助学生将所学知识应用于自己的论文或项目中。书中详细介绍了论文的各个部分和子部分,以及每个部分应包含的内容,为学生提供了一个清晰的框架来展示他们的研究成果。此外,书中还提供了丰富的示例和练习,帮助学生在构思和写作过程中获得必要的支持。 | |
| 461 | 0 | @12001 @a新时代学术进阶丛书 |
| 510 | 1 | @aHow to write a master's thesis@zeng |
| 606 | 0 | @a论文@x写作@x研究生@j教学参考资料 |
| 690 | @aG642.477@v5 | |
| 701 | 0 | @c(美)@a布伊@9bu yi@c(Bui, Yvonne N.)@4著 |
| 702 | 0 | @a李金云@9li jin yun@4译 |
| 801 | 0 | @aCN@c20250909 |
| 905 | @a河南城建学院图书馆@dG642.477@eB986@ZB986@f1 | |
| 言之有物:研究生论文写作全流程拆解=How to write a master's thesis/(美)伊冯·布伊(Yvonne N. Bui)著/李金云译.-北京:清华大学出版社,2025.04 |
| 275页:图;21cm.-(新时代学术进阶丛书) |
| ISBN 978-7-302-68274-5:CNY78.00 |
| 本书是伊冯·布伊(YvonneN.Bui)所著的第三版指导手册,旨在为研究生提供撰写硕士论文的全面规划和写作指导。本书不仅整合了研究方法和统计学课程中的语言,还通过逐步指南帮助学生将所学知识应用于自己的论文或项目中。书中详细介绍了论文的各个部分和子部分,以及每个部分应包含的内容,为学生提供了一个清晰的框架来展示他们的研究成果。此外,书中还提供了丰富的示例和练习,帮助学生在构思和写作过程中获得必要的支持。 |
| ● |
| 相关链接 |
|
|
|
正题名:言之有物
索取号:G642.477/B986
 
预约/预借
| 序号 | 登录号 | 条形码 | 馆藏地/架位号 | 状态 | 备注 |
| 1 | 1632147 | 216321479 | 社科库409/409社科库 11排1列5层/ [索取号:G642.477/B986] | 在馆 |